| 000 | 00605nam a2200205Ii 4500 | ||
|---|---|---|---|
| 001 | 5985 | ||
| 003 | CO-ViMGA | ||
| 008 | 241108s9999||||xx |||||||||||||| ||und|| | ||
| 040 |
_aCO-ViMGA _bspa _erda _cCO-ViMGA |
||
| 041 | 0 | _aunk | |
| 084 | _aP SOS1s | ||
| 100 | 1 |
_aRafael Sosa _956720 |
|
| 245 | 1 | 0 | _aSon de pasos |
| 264 | 1 | _a[Lugar de publicación no identificado] : Universidad de San Carlos de Guatemala, 1975 | |
| 300 | _avolumen | ||
| 336 |
_atext _btxt _2rdacontent |
||
| 337 |
_aunmediated _bn _2rdamedia |
||
| 338 |
_avolume _bnc _2rdacarrier |
||
| 940 | _aidficha_siabuc: 5838. -- ficha_no_siabuc:5985 | ||
| 999 |
_c54822 _d54822 |
||